000 00336nam a2200133Ia 4500
005 20251222143220.0
008 251222s9999||||xx |||||||||||||| ||spa||
020 _a84-300-1556-2
082 _a236.09/G96
100 _aGutiƩrrez Lasanta, Francisco
245 0 _aHistoria de la Virgen del Pilar
264 _bGrafistudio
942 _cLIB
999 _c13789
_d13789